书目信息 |
| 题名: |
中华人民共和国消费者权益保护法
|
|
| 作者: | 本书编委会编 | |
| 分册: | ||
| 出版信息: | 北京 法律出版社 2012 |
|
| 页数: | 99页 | |
| 开本: | 21cm | |
| 丛书名: | 法律单行本实用问题版丛书 | |
| 单 册: | ||
| 中图分类: | D922.294.4 | |
| 科图分类: | ||
| 主题词: | 消费者权益保护法--基本知识--中国 , 消费者权益保护法 | |
| 电子资源: | ||
| ISBN: | 978-7-5118-2858-3 | |
| 000 | 00787nam0 2200241 450 | |
| 001 | 523 | |
| 005 | 20140908081813.81 | |
| 010 | @a978-7-5118-2858-3@dCNY10.00 | |
| 100 | @a20120330d2012 em y0chiy50 ea | |
| 101 | 0 | @achi |
| 102 | @aCN@b110000 | |
| 105 | @ay zn 000yy | |
| 106 | @ar | |
| 200 | 1 | @a中华人民共和国消费者权益保护法@e实用问题版@f本书编委会编 |
| 210 | @a北京@c法律出版社@d2012 | |
| 215 | @a99页@d21cm | |
| 225 | 1 | @a法律单行本实用问题版丛书@v13 |
| 300 | @a本书分为法律法规和实用问题两部分,上篇收录了中华人民共和国消费者权益保护法的有关条例,下篇解答了有关消费权益保护的相关问题。 | |
| 606 | 0 | @a消费者权益保护法@x基本知识@y中国 |
| 606 | 0 | @a消费者权益保护法 |
| 690 | @aD922.294.4@v5 | |
| 801 | 0 | @aCN@bTANGWEI@c20140603 |
| 905 | @b0842783-85@dD922.294.4@e1132@f3 | |
| 中华人民共和国消费者权益保护法:实用问题版/本书编委会编.-北京:法律出版社,2012 |
| 99页;21cm.-(法律单行本实用问题版丛书;13) |
| 本书分为法律法规和实用问题两部分,上篇收录了中华人民共和国消费者权益保护法的有关条例,下篇解答了有关消费权益保护的相关问题。 |
| ISBN 978-7-5118-2858-3:CNY10.00 |
| ● |
| 相关链接 |
|
|
|
|
正题名:中华人民共和国消费者权益保护法
索取号:D922.294.4/1132
 
预约/预借
| 序号 | 登录号 | 条形码 | 馆藏地/架位号 | 状态 | 备注 |
| 1 | 0842783 | 208427834 | 第一样本阅览室/ [索取号:D922.294.4/1132] | 在馆 | |
| 2 | 0842784 | 208427843 | 密集书库-史法系/ [索取号:D922.294.4/1132] | 在馆 | |
| 3 | 0842785 | 208427852 | 第一借阅区/ [索取号:D922.294.4/1132] | 在馆 |